000 00353 a2200109 4500
001 ART_8075
005 20260410161831.0
008 260409a
245 1 0 _ae-Commerce
100 1 _aCampos Granados, José Antonio
773 0 _tBoletín de estudios económicos
_gNuevas tendecnias en marketing - Año 55, Nº 171 (dic. 2000)
_wREV5142
999 _c23255
_d23255